| 000 | 01216nam1a2200277 4500 | ||
|---|---|---|---|
| 001 | RU\NLR\BIBL_A\011332246 | ||
| 005 | 20250807190207.0 | ||
| 035 | _a(NLR Aleph) 011332246 | ||
| 090 |
_a1381 _c1381 |
||
| 100 | _a20170220d1944 c y0rusy50 ca | ||
| 101 | 0 | _ainh | |
| 102 | _aRU | ||
| 105 | _aa z 000 y | ||
| 200 | 1 |
_aАрифметически хаттарийи шаьрамийи гуллам _eюххьерча школенна _fН. С. Попова |
|
| 210 |
_aШолж-ГIала _cНохчгIалгIпачхьалкхиздат _d1944 |
||
| 215 | _d22 | ||
| 541 | 1 |
_aСборник арифметических задач и упражнений _e[для нач. шк.] _zrus |
|
| 606 | 1 |
_aАрифметика _xЗадачи _jУчебные издания для начальной школы _2nlr_sh1 _3RU\NLR\AUTH\6664596 |
|
| 689 | 1 | _aВ13 я71 | |
| 700 | 1 |
_aПопова _bН. С. _cпедагог-математик _f1885-1975 _gНаталья Сергеевна _3RU\NLR\AUTH\770198576 _4070 |
|
| 852 |
_aNLR _bОНЛ _jИнгуш./3-219 |
||
| 942 | _cBOOK | ||
| 945 | _aРоссийская национальная библиотека | ||
| 980 | _aNB | ||
| 980 | _aBV | ||